| 000 | 00579nam a2200181Ia 4500 | ||
|---|---|---|---|
| 008 | 090630s9999 xx 000 0 und d | ||
| 082 | _b22641 | ||
| 100 | _aभारती सी. | ||
| 245 |
_aसती सावित्री. _cभारती सी. |
||
| 260 |
_bफैजपुरकर प्रभाकर. _c2001 |
||
| 300 | _a48 | ||
| 600 | _aभारती सी. | ||
| 630 | _aसती सावित्री. | ||
| 655 | _aचरित्र. | ||
| 700 | _aभारती सी. | ||
| 730 | _aसती सावित्री. | ||
| 942 | _cBOOK | ||
| 999 |
_c274497 _d274497 |
||